ARRUPE JESUIT UNIVERSITY

CORONAVIRUS -STOP THE SPREAD - CLEAN,DISINFECT,COVER

Physics as metaphor / (Record no. 123261)

MARC details
000 -LEADER
fixed length control field 00926pam a22002891a 4500
001 - CONTROL NUMBER
control field 3751832
003 - CONTROL NUMBER IDENTIFIER
control field ARRUPE
005 - DATE AND TIME OF LATEST TRANSACTION
control field 20150907142240.0
008 - FIXED-LENGTH DATA ELEMENTS--GENERAL INFORMATION
fixed length control field 821126r19831982nyu b 001 0 eng
010 ## - LIBRARY OF CONGRESS CONTROL NUMBER
LC control number 82022490
020 ## - INTERNATIONAL STANDARD BOOK NUMBER
International Standard Book Number 0452006201 (pbk.)
040 ## - CATALOGING SOURCE
Original cataloging agency DLC
Transcribing agency DLC
Modifying agency DLC
050 10 - LIBRARY OF CONGRESS CALL NUMBER
Classification number QC6
Item number .J62 1983
082 00 - DEWEY DECIMAL CLASSIFICATION NUMBER
Classification number 530/.01
Edition number 19
100 1# - MAIN ENTRY--PERSONAL NAME
Personal name Jones, Roger S.
Fuller form of name (Roger Stanley),
Dates associated with a name 1934-
9 (RLIN) 19392
245 10 - TITLE STATEMENT
Title Physics as metaphor /
Statement of responsibility, etc by Roger S. Jones.
260 ## - PUBLICATION, DISTRIBUTION, ETC. (IMPRINT)
Place of publication, distribution, etc New York :
Name of publisher, distributor, etc New American Library,
Date of publication, distribution, etc [1983], c1982.
300 ## - PHYSICAL DESCRIPTION
Extent p. cm.
500 ## - GENERAL NOTE
General note Cataloging based on CIP information.
500 ## - GENERAL NOTE
General note Reprint. Originally published: Minneapolis : University of Minneapolis Press, c1982.
500 ## - GENERAL NOTE
General note "A Meridan book."
500 ## - GENERAL NOTE
General note Includes index.
504 ## - BIBLIOGRAPHY, ETC. NOTE
Bibliography, etc Bibliography: p.
650 #0 - SUBJECT ADDED ENTRY--TOPICAL TERM
Topical term or geographic name as entry element Physics
General subdivision Philosophy.
9 (RLIN) 19393
906 ## - LOCAL DATA ELEMENT F, LDF (RLIN)
a 7
b cbc
c orignew
d 1
e ocip
f 19
g y-gencatlg
942 ## - ADDED ENTRY ELEMENTS (KOHA)
Source of classification or shelving scheme Library of Congress Classification
Koha item type Monograph ( Printed materials)
Holdings
Withdrawn status Lost status Source of classification or shelving scheme Damaged status Not for loan Collection code Home library Current library Shelving location Date acquired Total Checkouts Full call number Barcode Date last seen Price effective from Koha item type
    Library of Congress Classification     Main Collection ARRUPE LIBRARY ARRUPE LIBRARY Main Collection 07/09/2015   QC6 .J62 1983 46500003994 02/07/2019 07/09/2015 Monograph ( Printed materials)

 

Arrupe Library. PO Box MP320 Mt Pleasant, Harare, Zimbabwe
263 242 745411|librarian@aju.ac.zw